Peter Pan / (Record no. 114454)
[ view plain ]
| 000 -LEADER | |
|---|---|
| fixed length control field | 00342nam a2200121 a 4500 |
| 005 - DATE AND TIME OF LATEST TRANSACTION | |
| control field | 20140414132101.0 |
| 008 - FIXED-LENGTH DATA ELEMENTS--GENERAL INFORMATION | |
| fixed length control field | 100703s19uu xx 00 eng d |
| 050 ## - LIBRARY OF CONGRESS CALL NUMBER | |
| Classification number | FIC |
| Item number | B27 2000 |
| 100 ## - MAIN ENTRY--PERSONAL NAME | |
| Personal name | Barrie, J. M. (James Matthew), 1860-1937 |
| 245 ## - TITLE STATEMENT | |
| Title | Peter Pan / |
| Statement of responsibility, etc | J.M. Barrie. |
| 260 ## - PUBLICATION, DISTRIBUTION, ETC. (IMPRINT) | |
| Place of publication, distribution, etc | New York : |
| Name of publisher, distributor, etc | Harper Festival, |
| Date of publication, distribution, etc | 2000. |
| Withdrawn status | Lost status | Damaged status | Home library | Current library | Shelving location | Date acquired | Source of acquisition | Total Checkouts | Full call number | Barcode | Date last seen | Price effective from | Koha item type |
|---|---|---|---|---|---|---|---|---|---|---|---|---|---|
| Munich Library | Munich Library | Fiction Section | 07/03/2010 | FIC B27 2000 | M6288 | 04/14/2014 | 04/14/2014 | Books |